Basic real analysis: along with a companion volume advanced real analysis
محفوظ في:
| المؤلف الرئيسي: | |
|---|---|
| التنسيق: | كتاب |
| اللغة: | الإنجليزية |
| منشور في: |
Boston
Birkhauser
2005
|
| سلاسل: | Cornerstones
|
| الموضوعات: | |
| الوسوم: |
إضافة وسم
لا توجد وسوم, كن أول من يضع وسما على هذه التسجيلة!
|
MARC
| LEADER | 00000nam a2200000 a 4500 | ||
|---|---|---|---|
| 001 | UCI4322 | ||
| 003 | CL-VaPUC | ||
| 008 | 080111e20050000US |||||||||||||||||eng|d | ||
| 020 | |a 0817632506 | ||
| 082 | 0 | 4 | |a 515.1 |b KNA |2 21 |
| 100 | |a Knapp, Anthony W |e author |9 526150 | ||
| 245 | 1 | 0 | |a Basic real analysis: along with a companion volume advanced real analysis |
| 300 | |a 653 p | ||
| 942 | |c BK | ||
| 945 | |d 20080111 00:00:00 |a jtorresc | ||
| 260 | |a Boston |b Birkhauser |c 2005 | ||
| 650 | 0 | |a Análisis matemático |9 260146 | |
| 583 | |a last modification |c 20080111 00:00:00 |k Rodrigo Vera | ||
| 490 | 0 | |a Cornerstones | |
| 999 | |c 328276 |d 328274 | ||
| 952 | |0 0 |1 0 |4 0 |6 515_100000000000000_KNA_2005 |7 0 |8 A |9 412102 |a BIBMAT |b BIBMAT |d 2019-11-22 |i 4399927 |o 515.1 KNA 2005 |p 4399927 |r 2025-01-07 |w 2019-11-22 |y BK |k MAT | ||